Normal view
MARC view
Entry Personal Name
001 - CONTROL NUMBER
- control field: 915302
003 - CONTROL NUMBER IDENTIFIER
- control field: OSt
005 - DATE AND TIME OF LATEST TRANSACTION
- control field: 20260120130448.0
008 - FIXED-LENGTH DATA ELEMENTS
- fixed length control field: 260120|| aca||aabn | a|a d
040 ## - CATALOGING SOURCE
- Original cataloging agency: OSt
- Transcribing agency: OSt
100 ## - HEADING--PERSONAL NAME
- Personal name: Navickas
670 ## - SOURCE DATA FOUND
- Source citation: Work cat.: (OSt)1507206: Navickas, Loyalism and Radicalism in Lancashire, 1798-1815, 2009
